000 00537nam a2200181Ia 4500
008 090123s9999 xx 000 0 und d
082 _b23555
100 _aभंडारे शशिकांत
245 _aहा.हा.हा
250 _a1
260 _bप्रतिमा प्रकाशन
_c1994
300 _a132
600 _aभंडारे शशिकांत
630 _aहा.हा.हा
700 _aभंडारे शशिकांत
730 _aहा.हा.हा
942 _cBOOK
999 _c61626
_d61626